Online
Catalog

Análisis estructural semiótico sobre Los Caciques de Carlos Arniches / (Record no. 32247)

MARC details
000 -CABECERA
campo de control de longitud fija 00918nam a2200241 a 4500
001 - NÚMERO DE CONTROL
campo de control 000032756
005 - FECHA Y HORA DE LA ÚLTIMA TRANSACCIÓN
campo de control 20200930065820.0
008 - DATOS DE LONGITUD FIJA--INFORMACIÓN GENERAL
campo de control de longitud fija 110726s1980 xx r 000 | spa d
040 ## - FUENTE DE LA CATALOGACIÓN
Centro catalogador/agencia de origen DO-SdBNP
Lengua de catalogación spa
Centro/agencia transcriptor BNPHU
082 ## - NÚMERO DE LA CLASIFICACIÓN DECIMAL DEWEY
Número de clasificación 862.509
Número de documento/Ítem L789a
049 ## - FONDOS LOCALES (OCLC)
Fondos de biblioteca BNPD
100 1# - ENTRADA PRINCIPAL--NOMBRE DE PERSONA
Nombre de persona Lizardo, Luis,
Fechas asociadas al nombre 1930-1997
9 (RLIN) 58588
245 10 - MENCIÓN DE TÍTULO
Título Análisis estructural semiótico sobre Los Caciques de Carlos Arniches /
Mención de responsabilidad, etc. Luis Lizardo.
260 ## - PUBLICACIÓN, DISTRIBUCIÓN, ETC.
Lugar de publicación, distribución, etc. [s.l.] :
Nombre del editor, distribuidor, etc. Saturno,
Fecha de publicación, distribución, etc. 1980.
300 ## - DESCRIPCIÓN FÍSICA
Extensión 92 p. ;
Dimensiones 21 cm.
500 ## - NOTA GENERAL
Nota general Incluye datos biográficos del autor en la contracubierta.
504 ## - NOTA DE BIBLIOGRAFÍA, ETC.
Nota de bibliografía, etc. Bibliografía : p. 91-92.
600 14 - PUNTO DE ACCESO ADICIONAL DE MATERIA--NOMBRE DE PERSONA
Nombre de persona ARNICHES Y BARRERA, CARLOS,
Fechas asociadas al nombre 1866-1943,
Título de la obra LOS CACIQUES,
Subdivisión general CRÍTICA E INTERPRETACIÓN
9 (RLIN) 58589
650 #4 - PUNTO DE ACCESO ADICIONAL DE MATERIA--TÉRMINO DE MATERIA
Término de materia o nombre geográfico como elemento de entrada Teatro español
Subdivisión general Historia y crítica
9 (RLIN) 15506
650 #4 - PUNTO DE ACCESO ADICIONAL DE MATERIA--TÉRMINO DE MATERIA
Término de materia o nombre geográfico como elemento de entrada Literatura española
Subdivisión general Historia y crítica
9 (RLIN) 3904
650 #4 - PUNTO DE ACCESO ADICIONAL DE MATERIA--TÉRMINO DE MATERIA
Término de materia o nombre geográfico como elemento de entrada Semiótica y literatura
9 (RLIN) 8100
910 ## - DATOS DE OPCIÓN DEL USUARIO (OCLC)
Datos de opción del usuario Validado. Control de calidad EMS.
Holdings
Estado de retiro Estado de pérdida Restricciones de uso No para préstamo Código de colección Localización permanente Ubicación/localización actual Ubicación en estantería Fecha de adquisición Número de inventario Total de préstamos Signatura topográfica completa Código de barras Fecha visto por última vez Precio válido a partir de Tipo de ítem Koha Nota pública
      Excluido de préstamo Monografías: Libros y Folletos Patrimonio Dominicano Patrimonio Dominicano Depósito 26.07.2011 LF1   862.509 L789a 32756-10 25.06.2020 25.06.2020 No se presta Perteneció a la biblioteca personal de Aída Cartagena Portalatín. Dedicado por el autor.
        Monografías: Libros y Folletos Patrimonio Dominicano Patrimonio Dominicano Orden iniciada 26.07.2011 LF1   862.509 L789a 32757-10 25.06.2020 25.06.2020 No se presta  

Powered by Koha